000 01384nac a22002771u 4500
008 110517s2010 enk|||||r|||| 001 0 eng d
010 _a 2005047336
020 _a0199731241
020 _a9780199731244
082 0 0 _a620.002855369
_bPRA
_222
100 _aPratap, Rudra,
_923896
245 1 0 _aGetting Started with MATLAB :
_bA Quick Introduction for Scientists and Engineers /
_cRudra Pratap.
250 _aUpdated for Version 7.8
260 _aNew York :
_bOxford University Press,2010
_c2010
300 _axiv, 272 p. :
_bill. ;
_c24 cm.
504 _aIncludes bibliographical references (p. 261) and index.
511 _aCatalogued By: Mahitab.
650 0 _aScience
_xData processing.
_923897
650 0 _aEngineering mathematics
_xData processing.
_923898
653 _bGen
_cMay2011
856 4 2 _3Publisher description
_uhttp://www.loc.gov/catdir/enhancements/fy0636/2005047336-d.html
856 4 2 _3Table of contents only
_uhttp://www.loc.gov/catdir/enhancements/fy0636/2005047336-t.html
856 4 2 _3Contributor biographical information
_uhttp://www.loc.gov/catdir/enhancements/fy0723/2005047336-b.html
942 _cBB
_k620.002855369 PRA
_2ddc
999 _c15311
_d15311